LIBRARY & INFORMATION CENTRE, KCAET, TAVANUR

ONLINE PUBLIC ACCESS CATALOGUE (OPAC)

Introduction to Instrumentation and Measurements (Record no. 14716)

MARC details
000 -LEADER
fixed length control field 00326nam a22001337a 4500
020 ## - INTERNATIONAL STANDARD BOOK NUMBER
ISBN 9780849337734
082 ## - DEWEY DECIMAL CLASSIFICATION NUMBER
Classification number 621.3
Item number NOR/IN
100 ## - MAIN ENTRY--AUTHOR NAME
Personal name Northrop,Robert B.
245 ## - TITLE STATEMENT
Title Introduction to Instrumentation and Measurements
250 ## - EDITION STATEMENT
Edition statement 2 nd
260 ## - PUBLICATION, DISTRIBUTION, ETC. (IMPRINT)
Place of publication Boca Ratom
Name of publisher CRC Press
Year of publication 2005
300 ## - PHYSICAL DESCRIPTION
Number of Pages 743
942 ## - ADDED ENTRY ELEMENTS (KOHA)
Koha item type Book Bank scheme for SC students
Holdings
Withdrawn status Lost status Damaged status Collection code Home library Current library Shelving location Date acquired Source of acquisition Cost, normal purchase price Full call number Accession Number Koha item type
        KAUAET KAUAET Scheme 22/08/2016 Dream Tech, Trivandrum. 750.00 621.3 NOR/IN BB 287 Book Bank scheme for SC students
free website counter